| 000 | 01407nam a22003498i 4500 | ||
|---|---|---|---|
| 999 |
_c810 _d810 |
||
| 001 | 020812311 | ||
| 003 | UkOxU | ||
| 005 | 20191220100431.0 | ||
| 008 | 161201r20172008enk j 000|f|eng|d | ||
| 015 |
_aGBB716640 _2bnb |
||
| 016 | 7 |
_a018213570 _2Uk |
|
| 020 | _a9780141378671 (pbk.) : | ||
| 035 | _a(Uk)018213570 | ||
| 035 | _a(StEdALDL)1/3541738 | ||
| 040 |
_aStDuBDS _beng _erda _cStDuBDS |
||
| 049 | _aCROBAR | ||
| 082 | _aFIC BLA | ||
| 100 | 1 |
_aBlackman, Malorie, _eauthor. |
|
| 245 | 1 | 0 |
_aDouble cross / _cMalorie Blackman. |
| 263 | _a201704 | ||
| 264 | 1 |
_aLondon : _bPenguin Books, _c2017. |
|
| 300 |
_a1 volume ; _c20 cm. |
||
| 336 |
_atext _2rdacontent |
||
| 337 |
_aunmediated _2rdamedia |
||
| 338 |
_avolume _2rdacarrier |
||
| 490 | 0 | _aThe noughts & crosses series | |
| 500 | _aOriginally published: London: Doubleday, 2008. | ||
| 520 | _aJust this once ... Please let me get away with it just this once ... Tobey wants a better life - for him and his girlfriend Callie Rose. He wants nothing to do with the gangs that rule the world he lives in. But when he's offered the chance to earn some money just for making a few 'deliveries', just this once, would it hurt to say 'yes'? One small decision can change everything ... The fourth novel in Malorie Blackman's powerful Noughts & Crosses sequence | ||
| 655 | 0 | _aDystopias. | |
| 655 | 0 | _aYoung adult fiction. | |
| 942 |
_2ddc _cFIC |
||